000 00877nam a22002655i 4500
999 _c28781
_d28752
003 EG-ScBUE
005 20200922123535.0
008 200219r20051969ii a f b 001 0 eng d
020 _a0333935365
040 _aEG-ScBUE
_beng
_erda
_cEG-ScBUE
_dEG-ScBUE
082 0 4 _a620.112
_bRYD
_222
100 1 _a Ryder, G. H.
_q(Ryder, G. H. (Geoffrey Harwood)
_eauthor.
245 1 0 _aStrength of materials /
_cG. H. Ryder.
250 _aThird edition in SI units.
250 _aReprinted edition.
264 1 _aDelhi :
_bMacmillan India LTD.,
_c2005.
300 _axii, 340 pages :
_billustrations ;
_c22 cm
336 _atext
_btxt
_2rdacontent
337 _aunmediated
_bn
_2rdamedia
338 _avolume
_bnc
_2rdacarrier
504 _aIncludes bibliographical references and index.
650 7 _aStrength of materials.
_2BUEsh
653 _bENGMEC
_cSeptember2020
942 _2ddc
_cBB